Computers and engineering management

Bibliographic Details
Main Author: Wheeler, Thomas F
Format: Book
Published: New York : McGraw-Hill , 1990
Series:McGraw-Hill engineering and technology management series
Subjects:

MARC

LEADER 00000cam a2200000 7i4500
001 0000004911
002 000005296
005 20000330.0
020 |a 0070695261 
090 0 0 |a 620.0068   |b WHE 
100 1 |a Wheeler, Thomas F 
245 1 0 |a Computers and engineering management   |c Thomas F.Wheeler 
260 |a New York :   |b McGraw-Hill ,   |c 1990 
300 |a 369p. ;   |c 23cm. 
490 0 |a McGraw-Hill engineering and technology management series 
650 0 0 |a Engineering   |x Management   |x Data processing 
999 |a 037652   |b BUKU   |c PINJAMAN   |e PERPUSTAKAAN KOMUNITI PETALING JAYA 
999 |a 037653   |b BUKU   |c PINJAMAN   |e PERPUSTAKAAN KOMUNITI PETALING JAYA